000 005580000a22001810004500
003 MACL
005 20160305155745.0
008 160305b xxu||||| |||| 00| 0 eng d
040 _aMACL
_cMACL
041 _aHindi
082 _a891.432
100 _aडॉ रामकुमार वर्मा
_941009
245 _aकैलेण्‍डर का आखिरी पन्‍ना
260 _bराजकमल प्रकाशन
_c1972
_aदिल्‍ली
350 _a7.50
650 _aDrama
_943208
942 _cHIN
_k891.432
_2ddc
999 _c26502
_d26502